000 00738nam a2200181Ia 4500
008 100920s9999 xx 000 0 und d
082 _b74988
_a491.462 थ 98
100 _aप्रभावळकर दिलीप.
245 _aदिलीप प्रभावळकरांच्या एकांकिका.
260 _bभारद्वाज प्रकाशन ,पुणे.
_c1998
300 _a48
_bसाधी
365 _b30
520 _aनाटक.
630 _aदिलीप प्रभावळकरांच्या एकांकिका.
650 _aनाटक.
730 _aदिलीप प्रभावळकरांच्या एकांकिका.
942 _cBOOK
999 _c716534
_d716531